[Event "SVK Extraliga 2019-20"]
[Site "Slovakia"]
[Date "2020.03.01"]
[Round "8.3"]
[White "Jablonicky, Martin"]
[Black "Vetoshko, Volodymyr"]
[Result "1/2-1/2"]
[WhiteElo "2273"]
[BlackElo "2503"]
[Annotator "TA"]
[PlyCount "38"]
[EventDate "2019.10.19"]
[EventType "team-tourn"]
[EventCountry "SVK"]
[SourceTitle "playchess.com"]
[Source "ChessBase"]
[SourceQuality "1"]
[WhiteTeam "Modra"]
[BlackTeam "Kosice"]

{[%evp 15,38,37,53,54,76,52,55,55,70,65,81,60,72,63,99,118,125,126,257,92,93,87,95,88,69]} 1. d4 f5 2. g3 Nf6 3. Bg2 g6 4. Nf3 Bg7 5. O-O O-O 6. c4 d6 7. Nc3 Qe8 {7...c6 gains popularity. Played by Nikita Vitiugov in November 2019.} 8. b3 c6 9. Re1 {A88: Dutch Defence: Leningrad System: 5 Nf3 0-0 6 0-0 d6 7 Nc3 c6.} Ne4 {[#]} 10. Qc2 $146 ({Predecessor:} 10. Bb2 Nxc3 11. Bxc3 Nd7 12. e4 f4 13. e5 dxe5 14. dxe5 Nc5 15. b4 Ne6 16. Qb3 Qf7 {0-1 (48) Chitlange,S (2163)-Anadkat,K (2023) Mumbai 2020}) 10... Nxc3 11. Qxc3 {White is slightly better.} Nd7 12. e4 fxe4 13. Rxe4 Nc5 14. Re3 Bg4 {[#]} 15. Bb2 $1 Ne6 {Black wants to play ...Bxf3.} 16. Rae1 Qc8 (16... Qd7 $16) 17. h3 $2 (17. Qd2 $18 {is more deadly.}) 17... Bxf3 $16 {White is better.} 18. Rxe6 Bxg2 19. Kxg2 Bf6 {Accuracy: White = 71%, Black = 65%.} 1/2-1/2

[Event "SVK Extraliga 2019-20"]
[Site "Slovakia"]
[Date "2020.03.01"]
[Round "8.3"]
[White "Kralovic, Andrej"]
[Black "Antoniewski, Rafal"]
[Result "0-1"]
[WhiteElo "2232"]
[BlackElo "2496"]
[Annotator "TA"]
[PlyCount "88"]
[EventDate "2019.10.19"]
[EventType "team-tourn"]
[EventCountry "SVK"]
[SourceTitle "playchess.com"]
[Source "ChessBase"]
[SourceQuality "1"]
[WhiteTeam "Bratislava"]
[BlackTeam "Dunajov"]

{[%evp 9,88,0,1,-16,-22,-21,-18,-25,-20,-90,-26,-115,-125,-114,-114,-111,-123,-154,-157,-233,-237,-235,-232,-237,-186,-273,-269,-266,-258,-258,-172,-256,-184,-273,-201,-491,-490,-512,-307,-512,-511,-498,-499,-468,-301,-862,-495,-821,-404,-650,-640,-627,-593,-575,-243,-558,-578,-568,-617,-610,-604,-589,-582,-771,-772,-703,-696,-845,-842,-830,-830,-798,-790,-754,-750,-885,-811,-1219,-1212,-1257,-1184]} 1. e4 c5 2. Nf3 e6 3. b3 b6 4. d4 cxd4 5. Nxd4 Bb7 6. Nb5 {B40: Sicilian: 2...e6, Unusual lines.} d5 7. exd5 {aiming for d6.} a6 $1 8. N1c3 {The position is equal.} Nf6 {[#]} 9. Bg5 $146 (9. Bb2 $11) ({Predecessor:} 9. Bf4 axb5 10. Bxb5+ Nbd7 11. dxe6 fxe6 12. Qe2 Bb4 13. O-O-O Qe7 14. Na4 O-O 15. Bg5 Qf7 16. Bxd7 Nxd7 17. Kb1 Nc5 {0-1 (17) Gavrilakis,N (2408)-Miladinovic,I (2501) Chalkidiki 2002}) 9... h6 (9... axb5 $2 10. Bxb5+ Ke7 11. Qd4 $18) ({Better is} 9... Bc5 $1 $17 10. Nd4 Bxd5) 10. Bf4 (10. dxe6 $11 Qxd1+ 11. Rxd1 axb5 12. Bxf6 (12. Bxb5+ Ke7 $15) 12... gxf6 13. Bxb5+ Bc6 14. Nd5 {[%mdl 64] Double Attack}) 10... axb5 $17 11. Bxb5+ Nbd7 {Threatens to win with ...Bb4.} 12. dxe6 fxe6 13. Qd3 {Threatening Qg6+.} Bb4 {White must now prevent ...0-0.} 14. Qg6+ (14. Bd6 $17 {might work better.} Bxc3+ 15. Qxc3) 14... Kf8 $19 15. O-O-O {[#]} Qe7 $1 ({Don't go for} 15... Bxc3 $2 {[#]} 16. Rxd7 $1 {[%mdl 512]} Qxd7 17. Bxd7 $18) 16. Bxd7 Nxd7 17. Qd3 (17. a4 $142) 17... Nf6 ({But not} 17... Bxg2 18. Rhg1 $19) 18. Bd6 Bxd6 19. Qxd6 Kf7 20. Rhe1 (20. Qxe7+ $142 Kxe7 21. f3) 20... Rhc8 21. Re3 (21. Kb2 $142) 21... Ra5 {Strongly threatening ...Qxd6.} 22. Qxb6 $2 (22. Qxe7+ Kxe7 23. f3) 22... Rac5 23. Nb5 {With the idea Nd6+.} Rxc2+ {[%mdl 64] Double Attack} 24. Kb1 Ne4 25. Red3 Bd5 26. f3 R8c6 27. Qa5 $2 (27. Qg1 Nf2 {[%mdl 64] Double Attack} 28. R3d2) 27... Qf6 {[%csl Gc2][%cal Rf6b2]} 28. Nd4 (28. Qa7+ $142 Kg8 29. Qd4) 28... R2c5 (28... Rxg2 $142 29. h4 Rc8) 29. Qb4 (29. Qe1 $142 Nc3+ 30. Rxc3 Rxc3 31. Nxc6 Qf5+ 32. Ka1 Rxc6 33. Rd2) 29... Nc3+ 30. Rxc3 Rxc3 31. Nxc6 {Qb7+ is the strong threat.} Rxc6 (31... Qf5+ $142 32. Ka1 Rxc6) 32. Qd4 $2 (32. Rd3) 32... Qg6+ {Black is clearly winning.} 33. Ka1 Rc2 34. g4 Qg5 35. Kb1 Rxh2 36. Rc1 {intending Rc7+.} Qg6+ 37. Ka1 {[#]} Qf6 $1 38. Qc3 Bxf3 39. a4 Qxc3+ 40. Rxc3 Bxg4 41. b4 Rd2 42. b5 Rd4 43. Rc7+ Kf6 44. Ra7 h5 {White did not feel at home in the position after the opening. Accuracy: White = 36%, Black = 62%.} 0-1

[Event "SVK Extraliga 2019-20"]
[Site "Slovakia"]
[Date "2020.03.01"]
[Round "8.4"]
[White "Bernasek, Jan"]
[Black "Ftacnik, Lubomir"]
[Result "1-0"]
[WhiteElo "2494"]
[BlackElo "2516"]
[Annotator "TA"]
[PlyCount "81"]
[EventDate "2019.10.19"]
[EventType "team-tourn"]
[EventCountry "SVK"]
[SourceTitle "playchess.com"]
[Source "ChessBase"]
[SourceQuality "1"]
[WhiteTeam "Zilina"]
[BlackTeam "Slovan"]

{[%evp 22,81,17,5,33,28,37,37,49,47,56,39,52,47,39,22,43,16,17,7,0,0,6,6,9,0,0,0,28,20,42,35,34,23,26,7,27,28,22,0,11,5,368,354,412,412,432,424,406,298,451,445,486,488,484,476,475,402,468,478,546,523]} 1. Nf3 Nf6 2. c4 c5 3. Nc3 e6 4. e3 Nc6 5. d4 d5 6. a3 a6 7. dxc5 Bxc5 8. b4 Bd6 9. cxd5 exd5 10. Bb2 O-O 11. Be2 Be6 12. O-O a5 {D40: Queen's Gambit Declined: Semi-Tarrasch with 5 e3.} 13. Nb5 Be7 14. bxa5 {[#]} Rxa5 $146 {White is slightly better.} ({Predecessor:} 14... Nxa5 15. Nfd4 Bd7 16. Bc3 Nc6 17. a4 Ne4 18. Bb2 Nc5 19. Bf3 Ne5 20. Be2 Nc4 {½-½ (43) Caruana,F (2816)-Anand,V (2759) Paris 2018}) 15. Nfd4 Qd7 16. Qb1 Rfa8 17. Rc1 Rc8 18. Qd3 Raa8 19. Nb3 Bg4 20. f3 Bf5 21. Qd2 Qd8 22. a4 Bg6 23. Bc3 h6 24. a5 Qd7 25. Rd1 Rd8 26. Rac1 Rac8 27. Bf1 Qe8 28. Kh1 Qf8 29. Qf2 Ne8 30. Bb2 Bb4 31. Qh4 Nxa5 $2 {[%mdl 8192] [#] Loses the game.} (31... Nd6 $11) 32. Nxa5 $18 Bxa5 33. Ba3 Rxc1 34. Rxc1 Nd6 35. Qf4 ({Weaker is} 35. Bxd6 Rxd6 36. Nxd6 Qxd6 $18) 35... Rc8 (35... Bd2 $142) 36. Qxd6 Qe8 37. Qxd5 Rd8 38. Qb3 Bb6 39. Nd4 Ba5 40. Rd1 b6 41. Bb2 {Accuracy: White = 89%, Black = 65%.} 1-0

[Event "SVK Extraliga 2019-20"]
[Site "Slovakia"]
[Date "2020.03.01"]
[Round "8.4"]
[White "Jakubiec, Artur"]
[Black "Bochnicka, Vladimir"]
[Result "1-0"]
[WhiteElo "2452"]
[BlackElo "2094"]
[Annotator "TA"]
[PlyCount "65"]
[EventDate "2019.10.19"]
[EventType "team-tourn"]
[EventCountry "SVK"]
[SourceTitle "playchess.com"]
[Source "ChessBase"]
[SourceQuality "1"]
[WhiteTeam "Dunajov"]
[BlackTeam "Bratislava"]

{[%evp 16,65,25,14,14,22,20,10,25,0,47,39,55,49,47,43,59,37,83,83,91,83,112,91,130,92,120,59,56,58,132,86,86,86,86,86,689,680,640,655,2586,2476,1955,1808,29990,29991,29991,29992,29994,1239,29997,29998]} 1. e4 e5 2. Bc4 Nf6 3. d3 Nc6 4. Nf3 Be7 5. O-O d6 6. Bb3 O-O 7. c3 Na5 8. Bc2 c5 9. Re1 Qc7 {C55: Two Knights: 4 d3, 4 d4 exd4 5 e5 and Max Lange Attack.} 10. Nbd2 {[%cal Bb1d2,Bd2f1,Bf1g3][%mdl 32]} Be6 11. Nf1 {[#]} Rfe8 $146 {The position is equal.} ({Predecessor:} 11... Rad8 12. h3 Nc6 13. Ng3 d5 14. Qe2 d4 15. Bb3 c4 16. Bxc4 Bxc4 17. dxc4 dxc3 18. bxc3 {0-1 (53) Kosten,A (2497)-Flear,G (2497) France 2009}) 12. Ng3 Bf8 13. h3 h6 14. d4 b5 15. d5 Bd7 16. b3 Nb7 17. c4 Na5 18. Bd3 Rab8 19. Bd2 Kh7 20. Nh2 g6 21. Ng4 (21. cxb5 $16 Bxb5 22. Bxb5 Rxb5 23. Rc1) 21... Nxg4 $14 22. hxg4 Bg7 (22... bxc4 $14 23. bxc4 Be7) 23. Nf1 a6 24. Re3 Nb7 25. Rh3 f5 $2 {[%mdl 8192] This costs Black the game.} (25... f6 $16) 26. exf5 $18 e4 {[#]} 27. Bxh6 $1 {[%mdl 512]} exd3 (27... Bxh6 28. Qc1) 28. fxg6+ Kg8 29. Bxg7 {Bf6 would kill now.} Kxg7 30. Rh7+ Kg8 31. Qd2 Qd8 {[#]} 32. Qf4 (32. Rh8+ $142 $1 {[%mdl 512]} Kg7 (32... Kxh8 33. Qh6+) 33. Qh6+ Kf6 34. Qf4+ Bf5 35. Qxf5+ {[%mdl 64] Double Attack} Kg7 36. Rh7+ Kg8 37. Qf7#) 32... Re7 33. Qh6 {Accuracy: White = 70%, Black = 46%.} 1-0

[Event "SVK Extraliga 2019-20"]
[Site "Slovakia"]
[Date "2020.03.01"]
[Round "8.4"]
[White "Mosesov, Danyil"]
[Black "Banas, Kamil"]
[Result "1/2-1/2"]
[WhiteElo "2393"]
[BlackElo "2242"]
[Annotator "TA"]
[PlyCount "34"]
[EventDate "2019.10.19"]
[EventType "team-tourn"]
[EventCountry "SVK"]
[SourceTitle "playchess.com"]
[Source "ChessBase"]
[SourceQuality "1"]
[WhiteTeam "Kosice"]
[BlackTeam "Modra"]

{[%evp 12,34,-13,-34,0,-5,-12,0,0,-37,-74,-86,-89,-128,-106,-139,-137,-143,-83,-87,-92,-115,0,-107,-114]} 1. d4 d5 2. c4 e6 3. Nc3 c6 4. Nf3 dxc4 5. e4 b5 {[%cal Bb7b5,Bb5b4][%mdl 32]} 6. Be2 Bb7 7. O-O a6 {D31: Queen's Gambit Declined: Semi-Slav without ...Nf6 (+ Marshall Gambit and Noteboom) and Exchange Variation lines without ...Nf6.} 8. b3 b4 9. Na4 c3 {[#] The position is equal.} 10. e5 $146 ({Predecessor:} 10. Ne5 Nf6 11. Bf3 Be7 12. Nc4 O-O 13. Nab6 Ra7 14. Be3 Nfd7 15. d5 c5 16. Na4 {0-1 (41) Markov,M (2413)-Kostenko,P (2438) Tashkent 2017}) 10... h6 11. Bc4 Nd7 12. Be3 Ne7 13. Nh4 {intending Bxe6!} Nd5 14. Qg4 Qe7 (14... g5 $142 15. Nf3 Be7) 15. a3 a5 16. Nf3 N5b6 (16... Qd8 $17 17. Nc5 Qc8) 17. Nxb6 (17. axb4 $1 $11 Nxc4 18. bxc4 axb4 19. c5) 17... Nxb6 {Accuracy: White = 60%, Black = 63%.} 1/2-1/2

[Event "SVK Extraliga 2019-20"]
[Site "Slovakia"]
[Date "2020.03.01"]
[Round "8.4"]
[White "Mrva, Martin"]
[Black "Piesik, Piotr"]
[Result "0-1"]
[WhiteElo "2388"]
[BlackElo "2422"]
[Annotator "TA"]
[PlyCount "58"]
[EventDate "2019.10.19"]
[EventType "team-tourn"]
[EventCountry "SVK"]
[SourceTitle "playchess.com"]
[Source "ChessBase"]
[SourceQuality "1"]
[WhiteTeam "Snina"]
[BlackTeam "Dubnica"]

{[%evp 17,58,-31,0,-42,11,6,4,20,17,0,0,-5,-14,-50,-58,-64,-47,-175,-165,-172,-175,-170,-149,-181,-156,-312,-277,-272,-186,-179,-175,-695,-656,-1172,-1163,-1521,-1487,-1684,-1625,-1833,-2296,-1939,-1182]} 1. e4 e6 2. Nf3 d5 3. e5 c5 4. b4 cxb4 5. a3 Nc6 6. axb4 Bxb4 7. c3 Be7 8. d4 Bd7 9. Bd3 Rc8 10. h4 {[#] C00: French: Unusual White 2nd moves.} Nh6 $146 (10... b5 $1 $15 {[%mdl 512]}) ({Predecessor:} 10... h6 11. Rh3 a6 12. Qd2 Na7 13. Qf4 Bb5 14. Bc2 Qc7 15. Ng1 Nc6 16. Ne2 Nb4 17. Na3 Nxc2+ 18. Nxc2 {½-½ (73) Browning,R (1895)-Steinke,H (1753) Heusenstamm 2019}) 11. Bxh6 $11 gxh6 12. Qd2 {The position is equal.} Bf8 13. Na3 Na5 {And now ...Nb3 would win.} 14. Ra2 a6 15. Rh3 Qc7 $36 {[%mdl 2048] aiming for ...Nb3. Black is more active.} 16. Nb1 $1 Rg8 17. Bxh7 {Now White is beyond hope.} ({White should try} 17. Kf1 $15) 17... Rxg2 $19 18. Rg3 {[#]} Rxg3 $1 19. fxg3 {[#]} Bb5 $1 20. Qf4 Nc6 21. Rf2 $2 {[#]} (21. Rg2 $17 {was worth a try.}) 21... Nb4 $1 {[%mdl 512]} 22. Rd2 (22. cxb4 f5) 22... Qc4 {[%csl Gb5][%cal Rc4f1]} 23. Nh2 Qb3 24. Rf2 $2 (24. cxb4 Rc7 25. Qf3 Qxf3 26. Nxf3 Bxb4 27. Kd1) 24... Rc7 {Black is clearly winning.} 25. Qd2 f5 26. exf6 Rxh7 27. f7+ Kd8 28. Rf6 Qxb1+ 29. Kf2 Qa2 {Accuracy: White = 35%, Black = 85%.} 0-1

[Event "SVK Extraliga 2019-20"]
[Site "Slovakia"]
[Date "2020.03.01"]
[Round "8.4"]
[White "Manik, Mikulas"]
[Black "Horvath, Csaba"]
[Result "1/2-1/2"]
[WhiteElo "2359"]
[BlackElo "2513"]
[Annotator "TA"]
[PlyCount "40"]
[EventDate "2019.10.19"]
[EventType "team-tourn"]
[EventCountry "SVK"]
[SourceTitle "playchess.com"]
[Source "ChessBase"]
[SourceQuality "1"]
[WhiteTeam "Prakovce"]
[BlackTeam "Podhajska"]

{[%evp 14,27,54,43,43,36,40,32,46,37,34,32,41,51,35,21]} 1. e4 c5 2. Nf3 e6 3. d4 cxd4 4. Nxd4 a6 5. Bd3 Bc5 6. Nb3 Be7 7. Qg4 g6 8. Qe2 {White is slightly better.} d6 {B42: Sicilian: Kan Variation: 5 Bd3.} 9. O-O Nd7 10. a4 {[%cal Ba2a4,Ba4a5][%mdl 32] Nowadays more popular than 10.Nc3.} Ne5 11. a5 Nf6 12. Nc3 Bd7 13. Be3 O-O 14. f4 {[#] Black did not feel at home in the position after the opening.} {Predecessor:} Nxd3 $146 15. cxd3 e5 16. Bb6 Qe8 17. f5 gxf5 18. exf5 Kh8 19. d4 Bd8 20. dxe5 dxe5 {1-0 (46) Chigaev,M (2640)-Fedorchuk,S (2633) Riga 2019} 1/2-1/2

[Event "SVK Extraliga 2019-20"]
[Site "Slovakia"]
[Date "2020.03.01"]
[Round "8.4"]
[White "Haring, Filip"]
[Black "Varga, Zoltan"]
[Result "0-1"]
[WhiteElo "2297"]
[BlackElo "2417"]
[Annotator "TA"]
[PlyCount "86"]
[EventDate "2019.10.19"]
[EventType "team-tourn"]
[EventCountry "SVK"]
[SourceTitle "playchess.com"]
[Source "ChessBase"]
[SourceQuality "1"]
[WhiteTeam "Liptovska"]
[BlackTeam "Streda"]

{[%evp 19,86,0,8,0,13,-44,-22,-43,-24,-44,-43,-33,-45,-39,-13,-8,-15,-45,-40,-51,-48,-54,-31,-62,-50,-58,-49,-68,-64,-71,-67,-73,-74,-89,-93,-56,-35,-128,25,-29,20,0,15,15,150,-14,-15,-18,0,-86,-78,-150,-46,-92,0,0,0,-8,-8,-11,-10,-29975,-29977,-29986,-29987,-29989,-29990,-29994,-29995]} 1. Nf3 d5 2. g3 c5 3. Bg2 Nc6 4. d4 Nf6 5. O-O e6 6. c4 dxc4 7. Qa4 Bd7 8. Qxc4 b5 9. Qd3 c4 10. Qd1 Rc8 11. Re1 {E04: Open Catalan: 5 Nf3.} Be7 {[#]} 12. Bf4 $146 (12. e4 $11) ({Predecessor:} 12. e4 O-O 13. d5 exd5 14. exd5 Nb4 15. d6 Bxd6 16. Qxd6 Nc2 17. Be3 Nxa1 18. Na3 b4 19. Qxb4 {½-½ (32) Ostriker,J (2561)-Dothan,Y (2538) ICCF email 2018}) 12... Nd5 13. Bd2 {The position is equal.} O-O 14. a3 Na5 15. Bxa5 Qxa5 16. Ne5 Nf6 (16... Be8 {looks sharper.} 17. e4 Nc7 18. Nc3 f6 19. Ng4 Qb6) 17. Nc3 Rfd8 18. e3 Be8 19. f4 Qb6 20. g4 Nd7 21. Nxd7 Bxd7 22. g5 a5 23. Rc1 b4 24. axb4 axb4 25. Ne4 Rc7 26. Qh5 c3 27. bxc3 bxc3 {White must now prevent ...c2.} 28. Qh4 (28. Nf2 $1 $15) 28... h6 $2 ({Better is} 28... Rdc8 $1 $17 {Hoping for ...Ba3.} 29. Rb1 Bb4 30. Nf6+ (30. g6 $2 hxg6 31. Rec1 c2 $19) 30... gxf6 31. gxf6 Qa5) 29. Nf6+ (29. Qg3 $142 h5 30. Nf6+ $1 {[%mdl 512]} Kf8 31. Nxd7+ Rdxd7 32. g6) 29... Kh8 30. Qh5 Bc6 31. Bxc6 Bxf6 (31... Qxc6 $11 32. Ng4 Qe4) 32. gxf6 $2 ({And not} 32. Rxc3 Bxd4 33. exd4 Qxd4+ 34. Rce3 (34. Ree3 $2 Rxc6 35. Rcd3 Qa1+ 36. Kf2 Rxd3 $19) 34... Rxc6 $17) (32. Be4 $1 $16 Bxd4 33. exd4) 32... Qxc6 $11 33. Kf2 Rb8 34. Re2 {[#]} (34. fxg7+ $11 {remains equal.} Kg8 35. Rb1 Rxb1 36. Rxb1) 34... Kh7 $1 $17 35. fxg7 {[#]} ({White should play} 35. Qf3) 35... Rg8 (35... f5 $1 $17 36. Qf3 Qa4) 36. Rg1 c2 (36... Rxg7 $17 37. Rxg7+ Kxg7) 37. Ree1 $11 Qc3 38. Rc1 $132 {[%mdl 2048] White is not keeping still} Rxg7 39. Rxg7+ Kxg7 40. Rg1+ $2 {[%mdl 8192] This move loses the game for White.} (40. Ke2 $11) 40... Kh7 {Black mates.} 41. Qe5 Qd2+ 42. Kf3 Qd1+ $1 {[%mdl 64] Double Attack} 43. Kf2 {[#]} Qxg1+ $1 {[%mdl 576] Promotion. Accuracy: White = 52%, Black = 70%.} 0-1

[Event "SVK Extraliga 2019-20"]
[Site "Slovakia"]
[Date "2020.03.01"]
[Round "8.4"]
[White "Banas, Kamil"]
[Black "Mosesov, Danyil"]
[Result "*"]
[WhiteElo "2242"]
[BlackElo "2393"]
[Annotator "TA"]
[PlyCount "34"]
[EventDate "2019.10.19"]
[EventType "team-tourn"]
[EventCountry "SVK"]
[SourceTitle "playchess.com"]
[Source "ChessBase"]
[SourceQuality "1"]
[WhiteTeam "Modra"]
[BlackTeam "Kosice"]

{[%evp 12,19,-7,-14,5,-3,-4,-1,-2,-85]} 1. d4 d5 2. c4 e6 3. Nc3 c6 4. Nf3 dxc4 5. e4 b5 {[%cal Bb7b5,Bb5b4][%mdl 32]} 6. Be2 Bb7 7. O-O {The position is equal.} a6 {D31: Queen's Gambit Declined: Semi-Slav without ...Nf6 (+ Marshall Gambit and Noteboom) and Exchange Variation lines without ...Nf6.} 8. b3 b4 9. Na4 c3 10. e5 {[#] White got outplayed after the opening} (10. Ne5 $11 {remains equal.}) {Predecessor:} 10... h6 $146 11. Bc4 Nd7 12. Be3 Ne7 13. Nh4 Nd5 14. Qg4 Qe7 15. a3 a5 16. Nf3 N5b6 17. Nxb6 Nxb6 {½-½ (17) Mosesov,D (2286)-Banas,K (2280) Slovakia 2020} *

[Event "SVK Extraliga 2019-20"]
[Site "Slovakia"]
[Date "2020.03.01"]
[Round "8.5"]
[White "Pacher, Milan"]
[Black "Jurcik, Marian"]
[Result "1/2-1/2"]
[WhiteElo "2399"]
[BlackElo "2460"]
[Annotator "TA"]
[PlyCount "41"]
[EventDate "2019.10.19"]
[EventType "team-tourn"]
[EventCountry "SVK"]
[SourceTitle "playchess.com"]
[Source "ChessBase"]
[SourceQuality "1"]
[WhiteTeam "Slovan"]
[BlackTeam "Zilina"]

{[%evp 20,28,26,22,33,15,22,12,41,37,46]} 1. e4 c5 2. Nf3 e6 3. d4 cxd4 4. Nxd4 Nc6 5. Nc3 a6 6. Nxc6 bxc6 7. Bd3 d5 8. O-O Nf6 9. Qe2 Be7 10. b3 O-O 11. Bb2 d4 {B46: Sicilian: Taimanov: 5 Nc3 a6.} 12. Na4 {Threatening e5.} e5 13. f4 c5 14. Bc1 Bg4 {[#] Black did not feel at home in the position after the opening.} {Predecessor:} 15. Qf2 $146 exf4 16. Bxf4 Be6 17. Nb2 Ng4 18. Qe2 Bg5 19. Nc4 Bxf4 20. Rxf4 Bxc4 21. Qxg4 {1-0 (61) Himanshu,S (2471)-Laznicka,V (2634) Kolkata 2009} 1/2-1/2

[Event "SVK Extraliga 2019-20"]
[Site "Slovakia"]
[Date "2020.03.01"]
[Round "8.5"]
[White "Czebe, Attila"]
[Black "Cech, Pavel"]
[Result "0-1"]
[WhiteElo "2359"]
[BlackElo "2326"]
[Annotator "TA"]
[PlyCount "30"]
[EventDate "2019.10.19"]
[EventType "team-tourn"]
[EventCountry "SVK"]
[SourceTitle "playchess.com"]
[Source "ChessBase"]
[SourceQuality "1"]
[WhiteTeam "Streda"]
[BlackTeam "Liptovska"]

{[%evp 13,30,-22,-21,-30,-30,-29,-10,-38,-34,-75,-58,-101,-97,-96,-95,-464,-461,-435,-308]} 1. e4 e6 2. d3 d5 3. Nd2 Nf6 4. Ngf3 Nc6 5. e5 Nd7 6. d4 f6 7. exf6 Qxf6 8. Nb3 {C00: French: Unusual White 2nd moves.} Bd6 9. Bg5 Qf7 10. Bh4 {The position is equal.} O-O 11. Bd3 {[#]} e5 $146 {[#] Threatens to win with ...e4.} ({Predecessor:} 11... Qh5 12. Bg3 Bxg3 13. fxg3 e5 14. Be2 exd4 15. Nbxd4 Nxd4 16. Qxd4 Nf6 17. O-O Qg4 {½-½ (51) Lucena,L (2150)-Japiassu,R (1867) Brazil 2009}) 12. dxe5 Ndxe5 13. Nxe5 Bxe5 14. c3 $2 {[%mdl 8192] [#]} (14. O-O $17 {nothing else works.}) 14... g5 $1 $19 {[%mdl 512]} 15. Bxh7+ (15. Bxg5 Qxf2#) 15... Kxh7 {Black took control after the opening.} 0-1

[Event "SVK Extraliga 2019-20"]
[Site "Slovakia"]
[Date "2020.03.01"]
[Round "8.5"]
[White "Jakab, Bela"]
[Black "Szustakowski, Antoni"]
[Result "1/2-1/2"]
[WhiteElo "2305"]
[BlackElo "2303"]
[Annotator "TA"]
[PlyCount "43"]
[EventDate "2019.10.19"]
[EventType "team-tourn"]
[EventCountry "SVK"]
[SourceTitle "playchess.com"]
[Source "ChessBase"]
[SourceQuality "1"]
[WhiteTeam "Podhajska"]
[BlackTeam "Prakovce"]

{[%evp 10,30,26,20,25,25,20,16,21,7,28,12,17,12,30,0,-3,-8,-8,-18,-21,-35,-30]} 1. e4 e6 2. d4 d5 3. Nd2 {[%cal Bb1d2,Bd2b3,Bb3d4][%mdl 32]} c5 4. exd5 Qxd5 5. Ngf3 cxd4 6. Bc4 Qd7 $1 {[%mdl 4] is now more promising than 6...Qd6. Played by Ian Nepomniachtchi in December 2019. C07: French Tarrasch: 3...c5, 4 Ngf3 and 4 exd5 Qxd5.} 7. O-O Nc6 8. Nb3 {[%cal Rb3d4]} Nf6 {The position is equal.} 9. Nfxd4 {Black should prevent Nb5.} Nxd4 10. Nxd4 {[#] And now Bb5 would win.} a6 11. Re1 b5 12. Be2 {Threatens to win with Bf3.} Bb7 13. Bf3 {aiming for Nxe6!} Rd8 {[#] Hoping for ...Bxf3.} 14. Bxb7 Qxb7 15. Qf3 Qxf3 {[#] Accuracy: White = 89%, Black = 100%.} {Predecessor:} 16. Nxf3 $146 Rc8 17. c3 Nd5 18. Ne5 f6 19. Nd3 Kf7 20. Nf4 Nc7 21. Nd3 Be7 22. a4 {½-½ (85) Kuybokarov,T (2491)-Gupta,A (2645) Moscow 2017} 1/2-1/2